00893cam a2200277 i 4500999001500000001000800015003000400023005001700027008004100044040001900085043001200104050001900116082002200135100002800157245011800185260002900303300002100332500002000353504003200373650003300405650003400438650002200472650002600494906004500520942005000565 c4748d47483241958OSt20200123102659.0791218s1979 ii b 001 0 eng  aDLCcoclcdDLC aa-ii---00aHF5349.I5bG3800a658.400954bGAU/E aGautam, Vinayshil9146110aEnterprise and society :ba study of some aspects of entrepreneurship and management in India /cVinayshil Gautam aDelhi :bConcept,c1979. a118 p. ;c23 cm. aIncludes index. aBibliography: p. [107]-114. 0aBusiness enterpriseszIndia. 0aIndustrial managementzIndia. 0aEntrepreneurship. 0aSelf-employedzIndia. a7bcbccorignewd4encipf19gy-gencatlg 2ddccBKh658.400954iGAU/Ek658.400954mGAU/E